<?xml version="1.0" encoding="UTF-8"?>
<collection xmlns="http://www.loc.gov/MARC21/slim">
 <record>
  <leader>01005nam a2200217 a 4500</leader>
  <controlfield tag="001">1/53129</controlfield>
  <controlfield tag="008">210812s2020    gr a     b    000 | gre d</controlfield>
  <datafield tag="020" ind1=" " ind2=" ">
   <subfield code="a">9789608154933</subfield>
  </datafield>
  <datafield tag="040" ind1=" " ind2=" ">
   <subfield code="a">GR-PeUP</subfield>
  </datafield>
  <datafield tag="082" ind1="0" ind2="0">
   <subfield code="a">938.28 ΣΤΑ</subfield>
  </datafield>
  <datafield tag="100" ind1="1" ind2=" ">
   <subfield code="a">Σταμπολίδης, Νικόλαος Χρ.</subfield>
  </datafield>
  <datafield tag="245" ind1="0" ind2="0">
   <subfield code="a">Ελεύθερνα / </subfield>
   <subfield code="c">Νικόλαος Χρ. Σταμπολίδης.</subfield>
  </datafield>
  <datafield tag="260" ind1=" " ind2=" ">
   <subfield code="a">Αθήνα : </subfield>
   <subfield code="b">Κοινωφελές Ίδρυμα Ιωάννη Σ. Λάτση ;</subfield>
   <subfield code="b">Lamda Development, </subfield>
   <subfield code="c">2020.</subfield>
  </datafield>
  <datafield tag="300" ind1=" " ind2=" ">
   <subfield code="a">325 σ. : </subfield>
   <subfield code="b">εικ. ; </subfield>
   <subfield code="c">34 εκ.</subfield>
  </datafield>
  <datafield tag="504" ind1=" " ind2=" ">
   <subfield code="a">Βιβλιογραφία: σ.316-321.</subfield>
  </datafield>
  <datafield tag="650" ind1=" " ind2="4">
   <subfield code="a">Ανασκαφές (Αρχαιολογία)</subfield>
   <subfield code="z">Ελλάδα </subfield>
   <subfield code="z">Ρέθυμνο (Νομός) </subfield>
   <subfield code="z">Ελεύθερνα (Αρχαία πόλη).</subfield>
  </datafield>
  <datafield tag="651" ind1=" " ind2="0">
   <subfield code="a">Eleutherna (Extinct city).</subfield>
  </datafield>
  <datafield tag="651" ind1=" " ind2="0">
   <subfield code="a">Eleutherna (Extinct city)</subfield>
   <subfield code="x">Antiquites.</subfield>
  </datafield>
  <datafield tag="651" ind1=" " ind2="4">
   <subfield code="a">Ελεύθερνα (Αρχαία πόλη).</subfield>
  </datafield>
  <datafield tag="852" ind1=" " ind2=" ">
   <subfield code="a">INST</subfield>
   <subfield code="b">UNIPILB</subfield>
   <subfield code="c">MAIN</subfield>
   <subfield code="e">20210812</subfield>
   <subfield code="h">938.28 ΣΤΑ</subfield>
   <subfield code="p">00184307</subfield>
   <subfield code="q">00184307</subfield>
   <subfield code="t">LOAN</subfield>
   <subfield code="y">0</subfield>
   <subfield code="4">1</subfield>
  </datafield>
  <datafield tag="960" ind1=" " ind2=" ">
   <subfield code="a">ΑΛΜΠΑΝΗ ΤΑΝΙΑ</subfield>
  </datafield>
 </record>
</collection>
